书目信息 |
| 题名: |
吹万楼文集
|
|
| 作者: | 高燮 撰 | |
| 分册: | 六 | |
| 出版信息: | 北京 中国书店 1914年 |
|
| 页数: | 全一册 | |
| 开本: | 18.5*13cm | |
| 丛书名: | ||
| 单 册: | ||
| 中图分类: | Z429.6 | |
| 科图分类: | ||
| 主题词: | 文集--中国 , 全集--中国 , 选集--中国 | |
| 电子资源: | ||
| ISBN: | ||
| 000 | 00677nam0 2200229 450 | |
| 001 | 0654955406 | |
| 005 | 20061023152549.92 | |
| 010 | @b线装@dCNY55.00(全套) | |
| 100 | @a20061023d1914 km y0chiy0120 ea | |
| 101 | 0 | @achi |
| 200 | 1 | @a吹万楼文集@h六@Achui wan lou wen ji@f高燮撰@Fgao xie zhuan |
| 210 | @a北京@c中国书店@d1914年 | |
| 215 | @a全一册@d18.5*13cm | |
| 300 | @a第一至第六册为本函,共一函,此书后附愤徘录一卷 | |
| 305 | @a民国辛丑金山高氏藏版,本书为北京市中国书店影印本,线装 | |
| 606 | 0 | @a文集@x中国 |
| 606 | 0 | @a全集@x中国 |
| 606 | 0 | @a选集@x中国 |
| 690 | @aZ429.6@v3 | |
| 701 | 0 | @a高燮@Agao xie@4撰 |
| 801 | 0 | @aCN@bPFT@c20061023 |
| 905 | @a10447@dZ429.6@e4:6 | |
| 吹万楼文集.六/高燮撰.-北京:中国书店,1914年 |
| 全一册;18.5*13cm |
| 第一至第六册为本函,共一函,此书后附愤徘录一卷 |
| ISBN (线装):CNY55.00(全套) |
| ● |
| 相关链接 |
|
|
|
|
正题名:吹万楼文集
索取号:Z429.6/4:6
 
预约/预借
| 序号 | 登录号 | 条形码 | 馆藏地/架位号 | 状态 | 备注 |
| 1 | 0222175 | 202375054 | 古籍典藏专区/ [索取号:Z429.6/4:6] | 在馆 |